Simulation practice theory

Saved in:
Bibliographic Details
Corporate Author: Federation of European Simulation Societies (Editor)
Format: Serial
Language:English
Published: Amsterdam : Elsevier, 1993-2002
Subjects:
Tags: Add Tag
No Tags, Be the first to tag this record!

MARC

LEADER 00000nas a2200000 i 4500
001 1/102649
008 000226c19932002 eng d
022 |a 09284869 
035 |l 10058167 
040 |a GR-MY-UA  |b gre  |e aacr 
041 0 |a eng 
082 0 |a 003.305 
110 0 |a Federation of European Simulation Societies.  |4 edt 
245 1 0 |a Simulation practice theory  |h [περιοδικό] /  |c Federation of European Simulation Societies 
260 |a Amsterdam :   |b Elsevier,   |c 1993-2002 
300 |a 9 v.;  |b ill.;  |c 26 cm. 
310 |a Bimonthly 
500 |a "International journal of the federation of European Simulation Societies" 
650 0 0 |a Computer simulation  |x Periodicals. 
650 0 0 |a Simulation methods  |x Periodicals. 
853 |a INST  |b SAMOS  |c SER 
922 |a 3ΕΛΗ  |b 199507  |c ΤΜΗΜΑ ΜΑΘΗΜΑΤΙΚΩΝ  |d ΓΚΙΟΚΑΣ